Construcción asísmica
Na minha lista:
| Autor principal: | |
|---|---|
| Formato: | Desconhecido |
| Publicado em: |
San José, [Costa Rica]
1956
|
| Assuntos: | |
| Tags: |
Adicionar Tag
Sem tags, seja o primeiro a adicionar uma tag!
|
MARC
| LEADER | 00000 a2200000 4500 | ||
|---|---|---|---|
| 003 | 011060 | ||
| 005 | 20240820082743.0 | ||
| 008 | 140114s1956 c a m 000 ||s d | ||
| 040 | |c cru CEDI | ||
| 090 | |a TFG 101 | ||
| 100 | |a Starke J, Otto |9 17233 | ||
| 245 | |a Construcción asísmica | ||
| 260 | |a San José, [Costa Rica] |c 1956 | ||
| 300 | |a 58 hojas, cuadros, diagramas, 28 cm | ||
| 500 | |a Tesis (Ingeniero Civil) Universidad de Costa Rica. | ||
| 501 | |a Ed. mecanografiada | ||
| 650 | |x CONSTRUCCIONES ANTISISMICAS |9 17234 | ||
| 942 | |c TFG |h TFG 101 |i 011060 |6 TFG_101_011060000000000 | ||
| 999 | |c 11993 |d 11993 | ||
